[Event "Barcelona Sant Marti op 04th"]
[Site "Barcelona"]
[Date "2002.05.25"]
[Round "8.30"]
[White "Pinero Gomez, Jose Manuel"]
[Black "Lopez Abaurrea, Eduardo"]
[Result "1-0"]
[WhiteElo "1800"]
[BlackElo "1925"]
[PlyCount "121"]
[EventDate "2002.04.06"]
[EventType "swiss"]
[EventRounds "9"]
[EventCountry "ESP"]
[SourceTitle "EXT 2003"]
[Source "ChessBase"]
[SourceDate "2002.11.25"]
[SourceVersion "1"]
[SourceVersionDate "2002.11.25"]
[SourceQuality "1"]

1. d4 d5 2. c4 e6 3. Nc3 Nf6 4. cxd5 exd5 5. Bg5 Nbd7 6. Nf3 Be7 7. e3 0-0 8. Bd3 c6 9. 0-0 h6 10. Bh4 Re8 11. Qc2 Nf8 12. h3 Nh5 13. Bxe7 Rxe7 14. Ne5 Nf6 15. f4 N6d7 16. Rf3 Nxe5 17. fxe5 Be6 18. Ne2 Rc8 19. b4 Rec7 20. Nf4 Qe7 21. a3 b6 22. Qf2 c5 23. Rg3 f5 24. Nxe6 Nxe6 25. Qxf5 Nf8 26. Qh5 Kh8 27. Rf1 Qe8 28. Qxe8 Rxe8 29. Rgf3 Kg8 30. Rc1 g6 31. Rf6 Kg7 32. Rd6 Rd7 33. Rxd7+ Nxd7 34. Bb5 Re7 35. bxc5 bxc5 36. dxc5 Nxe5 37. c6 Rc7 38. Rc5 Kf6 39. Rxd5 Ke6 40. Rc5 Kd6 41. Rc1 Nxc6 42. Bxc6 a5 43. a4 Rxc6 44. Rxc6+ Kxc6 45. Kf2 Kd5 46. Kf3 Ke5 47. g3 g5 48. h4 gxh4 49. gxh4 h5 50. e4 Ke6 51. Kf4 Kf6 52. e5+ Ke6 53. Ke4 Ke7 54. Kf5 Kf7 55. e6+ Ke7 56. Ke5 Ke8 57. Kf6 Kf8 58. Kg6 Ke7 59. Kxh5 Kxe6 60. Kg6 Ke7 61. Kg7 1-0

[Event "Barcelona Sant Marti op 04th"]
[Site "Barcelona"]
[Date "2002.05.18"]
[Round "7.39"]
[White "Pinero Gomez, Jose Manuel"]
[Black "Bermejo Diaz, Antonio"]
[Result "1-0"]
[WhiteElo "1800"]
[BlackElo "1700"]
[PlyCount "65"]
[EventDate "2002.04.06"]
[EventType "swiss"]
[EventRounds "9"]
[EventCountry "ESP"]
[SourceTitle "EXT 2003"]
[Source "ChessBase"]
[SourceDate "2002.11.25"]
[SourceVersion "1"]
[SourceVersionDate "2002.11.25"]
[SourceQuality "1"]

1. d4 d6 2. c4 Nf6 3. Nc3 g6 4. e4 Bg7 5. Bg5 0-0 6. Nf3 Bg4 7. Be2 e5 8. d5 Qd7 9. 0-0 c6 10. Rc1 Na6 11. h3 Bxf3 12. Bxf3 Rac8 13. Be3 b5 14. cxb5 cxb5 15. Be2 Nc7 16. Bxa7 Ra8 17. Be3 b4 18. Nb1 Rxa2 19. Qb3 Rfa8 20. Qxb4 R2a4 21. Qb7 Nce8 22. Qxd7 Nxd7 23. Nc3 Rb4 24. Rb1 Nef6 25. f3 Rb3 26. Kf2 Nc5 27. Nb5 Nb7 28. g4 Ra5 29. Nc3 Nc5 30. Rh1 h5 31. Bg5 Na4 32. Nxa4 Rxa4 33. Bd1 1-0

[Event "Barcelona Sant Marti op 04th"]
[Site "Barcelona"]
[Date "2002.05.04"]
[Round "5.41"]
[White "Pinero Gomez, Jose Manuel"]
[Black "Carmona Santin, Ramon"]
[Result "1-0"]
[WhiteElo "1800"]
[BlackElo "1700"]
[PlyCount "45"]
[EventDate "2002.04.06"]
[EventType "swiss"]
[EventRounds "9"]
[EventCountry "ESP"]
[SourceTitle "EXT 2003"]
[Source "ChessBase"]
[SourceDate "2002.11.25"]
[SourceVersion "1"]
[SourceVersionDate "2002.11.25"]
[SourceQuality "1"]

1. d4 d5 2. c4 e6 3. Nc3 Nf6 4. Bg5 Bb4 5. cxd5 Bd7 6. dxe6 Bxc3+ 7. bxc3 Bxe6 8. Nf3 0-0 9. e3 Nc6 10. Bd3 Na5 11. 0-0 h6 12. Bh4 Bg4 13. e4 g5 14. Bg3 Re8 15. h3 Bh5 16. Re1 g4 17. hxg4 Bxg4 18. Bh4 Re6 19. e5 Qd5 20. Bxf6 c5 21. Be4 Qc4 22. Qd2 cxd4 23. Qxh6 1-0